Guess the Country names by sounding it out #2 - Statistics

General Stats
  • This quiz has been taken 147 times
  • The average score is 14 of 15
Answer Stats
Hint Answer % Correct
Aljeerea Algeria
99%
Filapeens Philippines
99%
Yucrane Ukraine
98%
Cosofoh Kosovo
97%
Papawn Ewginee Papua New Guinea
96%
Moesampeak Mozambique
95%
Ceudan Sudan
94%
Ceerya Syria
94%
Kwotemallah Guatemala
93%
Meroko Morocco
93%
Fenaswaila Venezuela
91%
Ezwotiny Eswatini
89%
Granotta Grenada
89%
Curgastanne Kyrgyzstan
89%
Tooneeshu Tunisia
87%
No matching quizzes found
Score Distribution
Percent of People with Each Score
Percentile by Number Answered
Your Score History
You have not taken this quiz